| 000 | 01394cam a22002655a 4500 | ||
|---|---|---|---|
| 001 | 149220 | ||
| 008 | 100205s2009 xxk f 000 0 eng d | ||
| 020 | _a9781444309904 | ||
| 035 | _a(Sirsi) u149220 | ||
| 041 | 0 | _aeng | |
| 050 | 0 | 4 | _a690.026 |
| 100 | 1 | _aChappell, David | |
| 245 | 0 | 0 |
_aBuilding law encyclopaedia _h[electronic resource] |
| 260 |
_a[S.l.] _bWiley-Blackwell _c2009 |
||
| 300 | _aeBook | ||
| 520 | _aThis eBook is a concise and authoritative reference, providing information in reasonable depth on an extensive number of legal terms, principles, phrases and issues that are commonly encountered in the construction industry. Most standard contracts are referred to, including the current suite of JCT Contracts, SBC, IC, ICD, MW, MWD, as well as ACA, PPC 2000, GC/Works/1 and NEC. In addition, some contracts which are theoretically out of date, but which are still in common use, are also covered. With detailed reference to appropriate case law and legislation, construction lawyers will also find it of considerable value in the course of their work. | ||
| 590 | _aka | ||
| 650 | 2 | 4 | _aEBOOK |
| 651 | 4 | _aENGLAND AND WALES | |
| 690 | _aBUILT ENVIRONMENT-CONSTRUCTION MANAGEMENT | ||
| 700 | 1 | _aCowlin, Michael | |
| 700 | 1 | _aDunn, Michael | |
| 856 | 4 | 8 |
_uhttps://www.vlebooks.com/ _zView on VLEbooks. Logins for members only from [email protected] |
| 942 | _n0 | ||
| 999 |
_c110424 _d110424 |
||